00727nam a2200253 i 450000100060000000300090000600500170001500700030003200800410003502000180007608000100009408000130010410000240011724501150014125000120025626000360026830000230030449000210032765000170034865000250036570000290039083000210041985200330044073302ES-MaACL20250729081833.0t|040928s2004 sp ||||1| spa d a84-8310-950-6 a575.8 a575.8.011 aGould, Stephen Jay.13aLa estructura de la teoría de la evolución / cStephen Jay Gould ; traducción de Ambrosio García Leal. a1ª ed. aBarcelona : bTusquets, c2004. a1426 p. ; c26 cm.1 aMetatemas ; v82 4aEvolución. 7aEvolucionismo2embne1 aGarcía Leal, Ambrosio.0 aMetatemas ; v82 aES-MaACLjL-28128 bR.134070